000 00658nam a2200205 i 4500
001 86712
003 ES-MaACL
005 20260210162437.0
007 t|
008 041215s1912 fr ||||1| fre d
100 1 _aKlein, Paul.
_968218
245 1 0 _aMétéorologie agricole et prévision du temps /
_cpar Paul Klein ; introduction par P. Regnard.
260 _aParis :
_bJ.B. Baillière,
_c1912 (
_eCorbeil :
_fCrété)
300 _a528 p. :
_bil. ;
_c18 cm.
490 1 _aEncyclopédie agricole
700 1 _aRegnard, Paul (
_d1850-1927)
_9150831
830 0 _aEncyclopédie agricole
_9180885
852 _aES-MaACL
_jD-3735
999 _c86712
_d86712